The geology and mineral resources of Perlis, North Kedah and the Langkawi Islands

Bibliographic Details
Main Author: JONES
Corporate Author: Malaysia
Format: Book
Published: Kuala Lumpur : Geological Survey Headquarters , 1978
Series:Geological Survey Malaysia District Memoir; 17
Subjects:

MARC

LEADER 00000cam a2200000 7i4500
001 0000002144
005 20021127.0
090 0 0 |a R555.95110   |b JON 1978 
100 1 0 |a JONES   |h C. R. 
245 1 4 |a The geology and mineral resources of Perlis, North Kedah and the Langkawi Islands   |c by C. R. Jones 
260 0 0 |a Kuala Lumpur :   |b Geological Survey Headquarters ,   |c 1978 
300 |a xxi, 257 p. :   |b ill., folded maps ;   |c 26 cm. 
440 0 0 |a Geological Survey Malaysia District Memoir; 17 
500 0 0 |a Includes bibliography: p. 242-245 and index 
650 0 0 |a Geology   |z North Kedah   |z Langkawi Islands 
650 0 0 |a Geology   |z Perlis 
650 0 0 |a Mines and mineral resources   |z North Kedah   |z Langkawi Islands 
650 0 0 |a Mines and mineral resources   |z Perlis 
710 1 1 |a Malaysia ,   |c Ministry of Primary Industries 
998 |a JPSM 
999 |a 0000003546   |b Monograph   |c Reference   |e Default branch